A history of Kuala Lumpur 1856-1939

Bibliographic Details
Main Author: Gullick, J. M. (Author)
Format: Book
Language:English
Published: Kuala Lumpur : Malaysian Branch of Royal Asiatic (MBRAS) 2000
Subjects:

MARC

LEADER 00000cam a2200000 7i4500
001 0000009522
005 20241004.0
008 240312 my a eng
020 |a 9679948153 (hardback) 
040 |a INS   |b eng   |e rda 
090 0 0 |a RDS591.5   |b .G85 2000 
100 1 |a Gullick, J. M. ,   |e author 
245 1 2 |a A history of Kuala Lumpur 1856-1939   |c by J. M. Gullick 
264 1 |a Kuala Lumpur :   |b Malaysian Branch of Royal Asiatic (MBRAS)   |c 2000 
300 |a 359 pages :   |b illustrations, photographs ;   |c 23 cm. 
336 |a text  |2 rdacontent 
337 |a unmediated  |2 rdamedia 
338 |a volume  |2 rdacarrier 
504 |a Includes bibliographical references and index 
650 0 |a Kuala Lumpur   |x History 
999 |a 0000022105   |b BOOK   |c Red Spot   |e Default branch 
999 |a 0000023416   |b BOOK   |c Red Spot   |e Default branch